Nomi, cose e città: piante in Italia - Statistics

Statistiche generali
  • Questo quiz è stato fatto 156 volte
  • Il punteggio medio è 13 su 22
Statistiche sulle risposte
Hint Risposta % Corretto
A Abete|Abezzo|Acero|Acetosa|Acetosella|Achillea|Aconito|Adonide|Agave|Aglio|Agrifoglio|Agrimonia|Agropiro|Ailanto|Alaterno|Albatro|Albera|Albero dei sigari|Albero del paradiso|Albero di Giuda|Albero di Giudea|Albero di nebbia|Albero di Sant'Andrea|Albicocco|Alloro|Aloe|Ammofila|Anemone|Aquifoglio|Aquilegia|Arbuto|Asfodelo|Asparagio|Asparago|Astro|Atrico|Avezzo|Azalea|Azzarruolo|Azzaruolo|Azzeruolo
94%
C Cachi|Calcatreppola|Calendula|Calluna|Camebosso|Camecisto|Camèdrio|Camemoro|Camenèrio|Camepìzio|Camomilla|Campanella|Campanellino|Campanula|Canapa|Canapicchio|Canna|Cannuccia|Capelvenere|Caprifoglio|Cardo|Carici|Carota|Carpine|Carpinella|Carpinello|Carpino|Carrubo|Castagna d'acqua|Castagno|Catalpa|Cedracca|Cedro|Cedronella|Cefalantera|Celoglosso|Cembro|Centaurea|Cerro|Cestuccio|Ciclamino|Ciliegio|Cipolla|Cipresso|Cirmolo|Cisto|Clematide|Cneoro|Coda di cavallo|Concordia|Corbezzolo|Corniello|Corniolo|Crescione|Crespino|Crisantemo|Croco
93%
P Pado|Palma|Panìco|Papavero|Paulonia|Peccio|Pennacchio|Peonia|Pero|Perpetuino|Persia|Pervinca|Pesco|Piantaggine|Pino|Pioppo|Pittosporo|Platano|Platantera|Poa|Polipodio|Porcellana|Porraccio|Porro|Posidonia|Prezzemolo|Primula|Prugnolo|Pulsatilla|Pungitopo|Purrolo
88%
M Madreselva|Maggiociondolo|Maggiorana|Malva|Mammola|Mandorlo|Manina|Maonia|Marruca|Mazzasorda|Melanzana|Melissa|Melo|Melograno|Menta|Mezereo|Mirtillo|Mirto|Moro|Mortella|Moscaria|Mughetto|Mugo|Muschio
79%
B Bagolaro|Ballerina|Bambù|Barbone|Becco di gru|Betulla|Biancospino|Bistorta|Bocca di leone|Borragine|Bosso|Bossolo|Brugo|Bucaneve
78%
O Occhi della Madonna|Ofride|Oleandro|Olivagno|Olivella|Olivo|Olmo|Ontano|Orchide|Orchidea|Orfide|Origano|Orniello|Ossicedro|Ostria
75%
F Faggio|Farfaraccio|Farnia|Favagello|Felce|Felcetta|Ferula|Fico|Fico d'India|Fienarola|Fillirea|Finocchio|Fior bombo|Fior di legna|Fior di stecco|Fior di vespa|Fiordaliso|Fitolacca|Frangola|Frassino|Fusaggine
74%
N Narciso|Natsume|Nespolo|Nido d’uccello|Nigritella|Ninfea|Nocciolo|Noce
72%
Q Quercia|Querciola
70%
G Galletto|Gambi rossi|Garofanino|Garofano|Gattice|Gelso|Gelsomino|Genziana|Giaggiolo|Giglio|Ginepro|Ginestra|Giuggiolo|Giunco|Gladiolo|Glicine|Gnidio|Gramigna|Gruaria
69%
R Radicchiella|Ranno|Ranuncolo|Ravastrello|Rigani|Robinia|Rododendro|Romice|Rosa|Rosmarino|Rovere|Roverella|Rovo
69%
S Salice|Salicornia|Salsapariglia|Sambuco|Sanguinella|Sassifraga|Satirione|Scarpetta di Venere|Schiancia|Scilla|Scopone|Scotano|Semprevivo|Serapide|Sfagno|Sicomoro|Sigillo di Salomone|Silene|Siliquastro|Soffione|Sofora|Sorbo|Sparto|Spina di Cristo|Spino|Statice|Stella alpina|Stiancia|Stracciabrache|Stracciabraghe|Stramonio|Sughera
69%
L Lampone|Larice|Lauro|Lauroceraso|Lavanda|Lazzeruolo|Leccio|Lemna|Lenticchia|Lentisco|Lichene|Ligustro|Limonella|Limonio|Lingua cervina|Lingua di cervo|Lingua di leone|Linterno|Liparide|Liriodendro|Lisca|Listera|Loppio|Loto|Luppolo
68%
E Ebbio|Edera|Efedra|Elce|Eleagno|Elicriso|Elleborina|Elleboro|Epilobio|Epipogio|Equiseto|Erba brusca|Erba cipollina|Erba corsa|Erba ruggine|Erba trinità|Erica|Eringio|Erioforo|Euforbia
66%
V Valeriana|Verbena|Veronica|Vesparia|Viola|Vischio|Vitalba|Vite|Viticcino
59%
D Dafne|Dattero|Dente di cane|Dente di leone|Digitale|Dittamo|Dittinella
55%
T Tamerice|Tarassaco|Tasso|Tifa|Tiglio|Timo|Tribolo|Trifoglio|Tsao|Typha
52%
I Ilatro|Ippocastano|Iris|Iva
41%
U Ulivo|Uva fragola
35%
K Kaki
18%
Z Zafferano|Zizzolo
11%
W Woodsia
1%
Nessun quiz corrispondente trovato
Distribuzione punteggi
Percentuale di utenti per punteggio
Percentile per numero di risposta
I tuoi punteggi nel tempo
Non hai fatto questo quiz